Представление документа в формате MARC21

Поле Инд. ПП Название Значение
Тип записи a
Библиографический уровень m
001 Контрольный номер 5678b99d-d648-42c4-8274-1ed80ed40eff
005 Дата корректировки 20140225165602.5
020 c Цена, тираж 2 р. 90 к.
040 a Служба первич. каталог. RuMoRKP
a Служба первич. каталог. НБ ТвГУ
041 00 a Код языка текста rus
080 00 a Индекс УДК 641.87(083.12)
084 a Индекс другой классификации/Индекс ББК Л991
090 a Полочн. индекс Л991
x Авторский знак Б 12
100 _0 a Автор Бабин Игорь Петрович
q Полное имя Бабин И. П.
245 a Заглавие Напитки на любой вкус
260 a Место издания Москва
b Издательство Экономика
c Дата издания 1983
300 a Объем 159 с.
b Иллюстрации/ тип воспроизводства ил.
c Размеры 27 см
650 a Основная рубрика Напитки
653 a Ключевые слова Кулинария
a Ключевые слова Напитки
a Ключевые слова Приготовление отдельных блюд
852 q Физ. особенности экз. к
920 a Оператор Суха
954 a Дата поступления на обработку 20100323